• 首页
  • 本馆介绍
  • 公告通知
  • 最新文献
  • 馆藏检索
  • 电子资源
  • 读者导购
  • 参考咨询
  • 我的图书馆
  • 登录
  • 详细信息显示
  • 放入我的书架
  • 预约/预借图书
  • 作者相关作品
  • 分类相关作品
  • 丛书相关作品
  • 出版社相关作品

书目信息

  • 表格格式
  • 工作单格式
  • 卡片格式
题名:
现代汉语词义辨析
    
 
作者: 吴永德 编著
分册:  
出版信息: 武汉   湖北人民出版社  1981
页数: 313页
开本: 19cm
丛书名:
单 册:
中图分类: H136.2
科图分类:
主题词: 汉语--同义词--现代 , 汉语--多义词--现代 , 汉语--反义词--现代
电子资源:
ISBN:
000 00704nam0 2200253 45
001 0181008954
005 20050420141759.3
010    @dCNY0.70
091    @a9106.50
100    @a19950405d1981 emky0chiy0121 ea
101 0  @achi
102    @aCN@b420000
105    @ay z 000yy
200 10 @a现代汉语词义辨析@Axian dai han yu ci yi bian xi@e续编@f吴永德编著@FWu Yong De Bian Zhu
210    @a武汉@c湖北人民出版社@d1981
215    @a313页@d19cm
606 0  @a汉语@x同义词@x现代
606 0  @a汉语@x多义词@x现代
606 0  @a汉语@x反义词@x现代
690    @aH136.2@v3
701  0 @a吴永德@4编著
801  0 @aCN@b上海图书馆@c20050420
801  2 @aCN@bNLC@c20050420
905    @f1@b211750@dH136.2@e140
    
    现代汉语词义辨析:续编/吴永德编著.-武汉:湖北人民出版社,1981
    313页;19cm
    
    
    ISBN :CNY0.70
    
●
相关链接 在E读中查询图书 在五车中查询图书 在当当中查询图书 在豆瓣中查询图书


正题名:现代汉语词义辨析     索取号:H136.2/140         预约/预借

序号 登录号 条形码 馆藏地/架位号 状态 备注
1 0211750   002024918   第四借阅区/ [索取号:H136.2/140] 在馆    
2 0211751   000836965   第二样本阅览室/ [索取号:H136.2/140] 在馆    
唐山师范学院图书馆 欢迎您!
大连网信软件有限公司© 版权所有